Stále aktuálny William Shakespeare

Bibliographic Details
Main Author: Bajánek, Ján, 1954- (Author)
Format: Article
Language:Slovak
PhysicalDescription:Fotogr.
ISSN:0862-5999
Subjects:

MARC

LEADER 00000nab a2200000 a 4500
001 vtls000836531
003 SK-MaSNL
005 20260304020438.0
008 140423c2003 xo 0 slo
015 |a SNBRB2003/06-16244 
035 |a CLN000188186 
040 |a SNKBUCL  |b slo  |c SNKBUCL  |e AACR2 
041 0 |a slo 
044 |a xo  |c SK 
080 |a 82:929:820  |2 1997 
080 |a 820:929  |2 1997 
080 |a 929 Shakespeare, William  |2 1997 
100 1 |a Bajánek, Ján,  |d 1954-  |4 aut  |9 189429 
245 1 0 |a Stále aktuálny William Shakespeare  |c Ján Bajánek 
300 |b Fotogr. 
600 1 7 |a Shakespeare, William,  |d 1564-1616  |2 snkbucl  |9 92336 
655 7 |a články z novín a časopisov  |2 snkbucl  |9 267496 
773 0 |t Literárny týždenník  |g Roč. 16, č. 18 (2003), s. 10  |x 0862-5999 
850 |a Slovenská národná knižnica v Martine 
852 |a SNK  |b KIS3GCP 
958 |a LX 
958 |a GB 
958 |a BC 
992 |a RBX 
999 |c 2598902  |d 2600832